| 000 | 00624cam a2200229u 4500 | ||
|---|---|---|---|
| 001 | 7523891 | ||
| 005 | 20201124142641.0 | ||
| 008 | 830111t19651964nyu 000 0 eng | ||
| 010 | _a 65010849 | ||
| 020 | _a0586045805 | ||
| 040 |
_aDLC _cCarP _dDLC |
||
| 043 | _ae-gw--- | ||
| 050 | 0 | 0 |
_aPZ4.D324 _bFu _aPR6054.E37 |
| 082 |
_a823.91 _bDEI |
||
| 100 | 1 |
_aDeighton, Len, _d1929- |
|
| 245 | 1 | 0 |
_aFuneral in Berlin/ _cLen Deighton |
| 250 | _a[1st American ed.] | ||
| 260 |
_aLondon: _bHarperCollins, _c1964 |
||
| 300 |
_a390 p.; _c21 cm. |
||
| 651 | 0 |
_aBerlin (Germany) _xHistory _y1945-1990 _vFiction. |
|
| 942 |
_2ddc _cBB |
||
| 999 |
_c10875 _d10875 |
||